Testing of rubber and elastomers. Quantitative determination of polymers: Determination of the content of butyl rubber and polyisobutylene. (Record no. 73381)

MARC details
000 -LEADER
fixed length control field 00511nam a2200157Ia 4500
245 #0 - TITLE STATEMENT
Title Testing of rubber and elastomers. Quantitative determination of polymers: Determination of the content of butyl rubber and polyisobutylene.
260 ## - PUBLICATION, DISTRIBUTION, ETC. (IMPRINT)
Year of publication 1977
500 ## - GENERAL NOTE
General note Standard number: DIN 53 621 Part 8
650 ## - SUBJECT ADDED ENTRY--TOPICAL TERM
Topical Term Butyl rubber
650 ## - SUBJECT ADDED ENTRY--TOPICAL TERM
Topical Term Elastomers
650 ## - SUBJECT ADDED ENTRY--TOPICAL TERM
Topical Term Polyisobutylene
650 ## - SUBJECT ADDED ENTRY--TOPICAL TERM
Topical Term Polymers
650 ## - SUBJECT ADDED ENTRY--TOPICAL TERM
Topical Term Quantitative determination
942 ## - ADDED ENTRY ELEMENTS (KOHA)
Koha item type Standards
Holdings
Withdrawn status Lost status Damaged status Not for loan Collection code Home library Current library Date acquired Koha item type
      Standards DIN standards/German Standards RRII Library RRII Library 31/12/2021 Standards